Normal view
MARC view
- التربية والتعليم-فلسطين-الصهيونية
Entry Topical Term
001 - CONTROL NUMBER
- control field: 10527
003 - CONTROL NUMBER IDENTIFIER
- control field: JO-AjAnu
005 - DATE AND TIME OF LATEST TRANSACTION
- control field: 20230606072005.0
008 - FIXED-LENGTH DATA ELEMENTS
- fixed length control field: 230606|| aca||aabn | a|a d
040 ## - CATALOGING SOURCE
- Original cataloging agency: JO-AjAnu
- Transcribing agency: JO-AjAnu
150 ## - HEADING--TOPICAL TERM
- Topical term or geographic name entry element: التربية والتعليم-فلسطين-الصهيونية
670 ## - SOURCE DATA FOUND
- Source citation: Work cat.: (JO-AjAnu)5418: سمعان،سمير, author 10526, المؤآمرات الصهيونية والإستعمارية لتجهيل عرب فلسطين منذ القرن التاسع عشر